[Event "Match UKR vs KGZ 2021"]
[Site "Online"]
[Date "2021.02.14"]
[Round "1.13"]
[White "Toroptseva, Yevheniia"]
[Black "Sezdbekova, Aizhan"]
[Result "0-1"]
[WhiteElo "1655"]
[BlackElo "1442"]
[Annotator "NA RC"]
[PlyCount "170"]
[EventDate "2021.02.14"]
[EventType "team-tourn"]
[EventCountry "NET"]
[SourceTitle "playchess.com"]
[Source "ChessBase"]
[SourceQuality "1"]
[WhiteTeam "Ukraine"]
[BlackTeam "Kyrgyzstan"]
[WhiteTeamCountry "UKR"]
[BlackTeamCountry "KGZ"]
[TimeControl "900+10"]

1. e4 {[%emt 0:00:00]} e5 {[%emt 0:00:05]} 2. Nc3 {[%emt 0:00:03]} Nf6 {[%emt 0:00:06]} 3. f4 {[%emt 0:00:02]} d6 {[%emt 0:00:10]} 4. Nf3 {[%emt 0:00:05]} Nc6 {[%emt 0:00:05]} 5. Bb5 {[%emt 0:00:03]} exf4 {[%emt 0:00:04]} 6. d4 {[%emt 0:00:03]} Bd7 {[%emt 0:00:06]} 7. Bxf4 {[%emt 0:00:07]} Be7 {[%emt 0:00:05]} 8. O-O {[%emt 0:00:05]} O-O {[%emt 0:00:04]} 9. Kh1 {[%emt 0:00:48]} a6 {[%emt 0:00:12]} 10. Bd3 {[%emt 0:00:05]} Bg4 {[%emt 0:00:13]} 11. Ne2 {[%emt 0:00:55]} Bxf3 {[%emt 0:00:33]} 12. Rxf3 {[%emt 0:00:03]} d5 {[%emt 0:00:03]} 13. e5 {[%emt 0:00:05]} Ne4 {[%emt 0:00:07]} 14. c3 {[%emt 0:00:50]} f5 {[%emt 0:03:57]} 15. exf6 {[%emt 0:00:36]} Nxf6 {[%emt 0:00:25]} 16. Ng3 {[%emt 0:01:37]} Bd6 {[%emt 0:00:15]} 17. Bxd6 {[%emt 0:00:07]} Qxd6 {[%emt 0:00:07]} 18. Nf5 {[%emt 0:00:14]} Qd7 {[%emt 0:00:14]} 19. Rg3 {[%emt 0:00:09]} g6 {[%emt 0:00:44]} 20. Nh4 {[%emt 0:01:39]} Ne7 {[%emt 0:01:05]} 21. Nf3 {[%emt 0:00:45]} Ne4 {[%emt 0:01:20]} 22. Bxe4 {[%emt 0:00:20]} dxe4 {[%emt 0:00:05]} 23. Ne5 {[%emt 0:00:02]} Qe6 {[%emt 0:00:27]} 24. Re3 {[%emt 0:00:38]} Nd5 {[%emt 0:00:39]} 25. Rxe4 {[%emt 0:00:07]} Qf5 {[%emt 0:00:04]} 26. Qf3 {[%emt 0:00:27]} Qxf3 {[%emt 0:01:04]} 27. Nxf3 {[%emt 0:00:03]} c6 {[%emt 0:00:42]} 28. h3 {[%emt 0:00:22]} Rae8 {[%emt 0:01:01]} 29. Rae1 {[%emt 0:00:08]} Rd8 {[%emt 0:00:22]} 30. Ng5 {[%emt 0:00:35]} Rd7 {[%emt 0:01:19]} 31. Ne6 {[%emt 0:00:46]} Rf2 {[%emt 0:00:48]} 32. Nc5 {[%emt 0:00:12]} Rdf7 {[%emt 0:00:19]} 33. Re8+ {[%emt 0:00:06]} Kg7 {[%emt 0:00:06]} 34. Ne6+ {[%emt 0:00:05]} Kh6 {[%emt 0:00:08]} 35. Re4 {[%emt 0:01:20]} g5 {[%emt 0:00:34]} 36. Rg8 {[%emt 0:01:24]} Nf6 {[%emt 0:01:38]} 37. Nxg5 {[%emt 0:01:57]} Nxe4 {[%emt 0:00:26]} 38. Nxf7+ {[%emt 0:00:33]} Rxf7 {[%emt 0:00:06]} 39. Kg1 {[%emt 0:00:09]} Nd2 {[%emt 0:00:06]} 40. Rd8 {[%emt 0:00:46]} Nc4 {[%emt 0:00:09]} 41. b3 {[%emt 0:00:09]} Ne3 {[%emt 0:00:05]} 42. c4 {[%emt 0:00:15]} Rg7 {[%emt 0:00:27]} 43. Rd6+ {[%emt 0:00:17]} Kh5 {[%emt 0:00:06]} 44. g4+ {[%emt 0:00:07]} Kh4 {[%emt 0:00:04]} 45. Kf2 {[%emt 0:00:50]} Nd1+ {[%emt 0:00:05]} 46. Ke2 {[%emt 0:00:20]} Nc3+ {[%emt 0:00:03]} 47. Kd3 {[%emt 0:00:02]} Nxa2 {[%emt 0:00:04]} 48. Rh6+ {[%emt 0:00:04]} Kg3 {[%emt 0:00:06]} 49. Rh5 {[%emt 0:00:12]} b6 {[%emt 0:00:15]} 50. d5 {[%emt 0:00:17]} cxd5 {[%emt 0:00:09]} 51. cxd5 {[%emt 0:00:02]} Nb4+ {[%emt 0:00:17]} 52. Kc4 {[%emt 0:00:21]} Nc2 {[%emt 0:00:08]} 53. d6 {[%emt 0:00:12]} Ne3+ {[%emt 0:00:16]} 54. Kd4 {[%emt 0:00:03]} Kf4 {[%emt 0:00:11]} 55. Rh6 {[%emt 0:00:30]} a5 {[%emt 0:00:14]} 56. Re6 {[%emt 0:00:55]} Nc2+ {[%emt 0:00:06]} 57. Kc3 {[%emt 0:00:09]} Nb4 {[%emt 0:00:10]} 58. Kd4 {[%emt 0:00:36]} Rd7 {[%emt 0:00:15]} 59. Rf6+ {[%emt 0:00:12]} Kg5 {[%emt 0:00:06]} 60. Rf5+ {[%emt 0:00:07]} Kg6 {[%emt 0:00:06]} 61. Ke5 {[%emt 0:00:09]} Rd8 {[%emt 0:00:04]} 62. Ke6 {[%emt 0:00:20]} Nc6 {[%emt 0:00:10]} 63. Rf6+ {[%emt 0:00:19]} Kg5 {[%emt 0:00:23]} 64. Rf7 {[%emt 0:00:15]} Nd4+ {[%emt 0:00:08]} 65. Ke7 {[%emt 0:00:02]} Nc6+ {[%emt 0:00:04]} 66. Ke6 {[%emt 0:00:02]} Nd4+ {[%emt 0:00:04]} 67. Kd5 {[%emt 0:00:05]} Nxb3 {[%emt 0:00:04]} 68. Rf5+ {[%emt 0:00:11]} Kg6 {[%emt 0:00:06]} 69. h4 {[%emt 0:00:03]} a4 {[%emt 0:00:05]} 70. h5+ {[%emt 0:00:02]} Kh6 {[%emt 0:00:06]} 71. Re5 {[%emt 0:00:10]} b5 {[%emt 0:00:18]} 72. Kc6 {[%emt 0:00:27]} b4 {[%emt 0:00:23]} 73. d7 {[%emt 0:00:16]} a3 {[%emt 0:00:08]} 74. Kc7 {[%emt 0:00:41]} Rxd7+ {[%emt 0:00:07]} 75. Kxd7 {[%emt 0:00:02]} a2 {[%emt 0:00:03]} 76. Ke7 {[%emt 0:00:02]} a1=Q {[%emt 0:00:10]} 77. Kf6 {[%emt 0:00:02]} Nc5 {[%emt 0:00:37]} 78. g5+ {[%emt 0:00:06]} Kxh5 {[%emt 0:00:07]} 79. g6+ {[%emt 0:00:01]} Qxe5+ {[%emt 0:00:26]} 80. Kf7 {[%emt 0:00:08]} Qe6+ {[%emt 0:00:07]} 81. Kg7 {[%emt 0:00:07]} Qxg6+ {[%emt 0:00:09]} 82. Kh8 {[%emt 0:00:03]} Qe4 {[%emt 0:00:26]} 83. Kg7 {[%emt 0:00:03]} Nd7 {[%emt 0:00:07]} 84. Kh8 {[%emt 0:00:05]} Kg6 {[%emt 0:00:10]} 85. Kg8 {[%emt 0:00:04]} Qe8# {[%emt 0:00:04]} 0-1

[Event "Match UKR vs KGZ 2021"]
[Site "Online"]
[Date "2021.02.14"]
[Round "1.14"]
[White "Makeeva, Bermet"]
[Black "Kovalyshyn, Yuliana"]
[Result "1-0"]
[WhiteElo "1157"]
[BlackElo "1137"]
[Annotator "NA RC"]
[PlyCount "127"]
[EventDate "2021.02.14"]
[EventType "team-tourn"]
[EventCountry "NET"]
[SourceTitle "playchess.com"]
[Source "ChessBase"]
[SourceQuality "1"]
[WhiteTeam "KGZ"]
[BlackTeam "UKR"]
[WhiteTeamCountry "KGZ"]
[TimeControl "900+10"]

1. e4 {[%emt 0:00:00]} c5 {[%emt 0:00:06]} 2. Nf3 {[%emt 0:00:06]} e6 {[%emt 0:00:03]} 3. c4 {[%emt 0:00:06]} Nc6 {[%emt 0:00:10]} 4. d4 {[%emt 0:00:50]} cxd4 {[%emt 0:00:06]} 5. Nxd4 {[%emt 0:00:03]} Bb4+ {[%emt 0:00:42]} 6. Nc3 {[%emt 0:01:32]} Nf6 {[%emt 0:00:30]} 7. Nxc6 {[%emt 0:04:29]} bxc6 {[%emt 0:00:09]} 8. Bd3 {[%emt 0:01:04]} O-O {[%emt 0:00:16]} 9. Bg5 {[%emt 0:01:07]} e5 {[%emt 0:01:44]} 10. O-O {[%emt 0:01:42]} d6 {[%emt 0:01:14]} 11. f4 {[%emt 0:02:45]} Bc5+ {[%emt 0:01:26]} 12. Kh1 {[%emt 0:00:39]} Re8 {[%emt 0:00:33]} 13. fxe5 {[%emt 0:00:46]} dxe5 {[%emt 0:00:22]} 14. Bxf6 {[%emt 0:00:50]} gxf6 {[%emt 0:00:09]} 15. Qf3 {[%emt 0:00:50]} Be7 {[%emt 0:00:31]} 16. Qg3+ {[%emt 0:00:13]} Kh8 {[%emt 0:00:08]} 17. Rad1 {[%emt 0:00:11]} Rg8 {[%emt 0:00:44]} 18. Qf2 {[%emt 0:00:11]} Bg4 {[%emt 0:01:07]} 19. Be2 {[%emt 0:00:16]} Qc8 {[%emt 0:00:57]} 20. h3 {[%emt 0:00:15]} Bxe2 {[%emt 0:00:27]} 21. Nxe2 {[%emt 0:00:07]} Rg7 {[%emt 0:01:15]} 22. Ng3 {[%emt 0:00:20]} Qe6 {[%emt 0:01:12]} 23. Nf5 {[%emt 0:00:08]} Rg6 {[%emt 0:00:08]} 24. Nxe7 {[%emt 0:00:05]} Qxe7 {[%emt 0:00:08]} 25. Rg1 {[%emt 0:00:02]} Rag8 {[%emt 0:00:44]} 26. g4 {[%emt 0:00:14]} Rh6 {[%emt 0:00:51]} 27. Kh2 {[%emt 0:00:05]} Qb7 {[%emt 0:01:23]} 28. Rg3 {[%emt 0:00:20]} c5 {[%emt 0:00:50]} 29. Rdg1 {[%emt 0:00:18]} Qxe4 {[%emt 0:00:15]} 30. Qxc5 {[%emt 0:00:10]} Qe2+ {[%emt 0:00:46]} 31. R1g2 {[%emt 0:00:04]} Qd1 {[%emt 0:00:20]} 32. Qxa7 {[%emt 0:00:07]} e4 {[%emt 0:00:16]} 33. Qxf7 {[%emt 0:00:08]} Qe1 {[%emt 0:00:18]} 34. Qd5 {[%emt 0:00:20]} e3 {[%emt 0:00:22]} 35. Rg1 {[%emt 0:00:09]} Qd2+ {[%emt 0:00:19]} 36. Qxd2 {[%emt 0:00:03]} exd2 {[%emt 0:00:02]} 37. Rd1 {[%emt 0:00:02]} Rd8 {[%emt 0:00:06]} 38. Rg2 {[%emt 0:00:04]} Rc8 {[%emt 0:00:10]} 39. Rgxd2 {[%emt 0:00:04]} Rxc4 {[%emt 0:00:04]} 40. Rd8+ {[%emt 0:00:02]} Kg7 {[%emt 0:00:02]} 41. R8d2 {[%emt 0:00:17]} Rxg4 {[%emt 0:00:09]} 42. Rg2 {[%emt 0:00:06]} Rxg2+ {[%emt 0:00:03]} 43. Kxg2 {[%emt 0:00:02]} Rg6+ {[%emt 0:00:02]} 44. Kh2 {[%emt 0:00:05]} f5 {[%emt 0:00:08]} 45. b4 {[%emt 0:00:05]} Rb6 {[%emt 0:00:09]} 46. Rb1 {[%emt 0:00:09]} Kf6 {[%emt 0:00:06]} 47. b5 {[%emt 0:00:05]} Ke5 {[%emt 0:00:03]} 48. Kg3 {[%emt 0:00:12]} Ke4 {[%emt 0:00:04]} 49. Kf2 {[%emt 0:00:04]} Kf4 {[%emt 0:00:01]} 50. a4 {[%emt 0:00:05]} Ke5 {[%emt 0:00:05]} 51. a5 {[%emt 0:00:16]} Rb8 {[%emt 0:00:03]} 52. b6 {[%emt 0:00:05]} Kd6 {[%emt 0:00:03]} 53. a6 {[%emt 0:00:18]} Kc6 {[%emt 0:00:10]} 54. b7 {[%emt 0:00:03]} Kc7 {[%emt 0:00:07]} 55. a7 {[%emt 0:00:25]} Rxb7 {[%emt 0:00:06]} 56. Rc1+ {[%emt 0:00:16]} Kb6 {[%emt 0:00:09]} 57. a8=Q {[%emt 0:00:05]} h5 {[%emt 0:00:05]} 58. Rb1+ {[%emt 0:00:04]} Kc5 {[%emt 0:00:03]} 59. Qxb7 {[%emt 0:00:03]} Kd4 {[%emt 0:00:09]} 60. Qd7+ {[%emt 0:00:11]} Ke4 {[%emt 0:00:02]} 61. Re1+ {[%emt 0:00:05]} Kf4 {[%emt 0:00:03]} 62. Qd4+ {[%emt 0:00:05]} Kg5 {[%emt 0:00:03]} 63. Rg1+ {[%emt 0:00:03]} Kh6 {[%emt 0:00:06]} 64. Qg7# {[%emt 0:00:05]} 1-0

[Event "Match UKR vs KGZ 2021"]
[Site "Online"]
[Date "2021.02.14"]
[Round "2.1"]
[White "Abdyjapar, Asyl"]
[Black "Roshka, Yevgeniy"]
[Result "0-1"]
[WhiteElo "2394"]
[BlackElo "2476"]
[Annotator "TA"]
[PlyCount "78"]
[EventDate "2021.02.14"]
[EventType "team-tourn"]
[EventCountry "NET"]
[SourceTitle "playchess.com"]
[Source "ChessBase"]
[SourceQuality "1"]
[WhiteTeam "Kyrgyzstan"]
[BlackTeam "Ukraine"]
[WhiteTeamCountry "KGZ"]
[BlackTeamCountry "UKR"]

{[%evp 9,78,47,37,0,0,0,0,-60,-41,-57,-14,-41,-16,-7,12,-48,-43,-40,0,-9,-18,-23,-12,-9,-12,-24,0,0,45,37,41,32,43,35,102,63,66,66,90,25,33,0,0,0,0,-37,-35,-45,-29,-19,-21,-31,-35,-193,-183,-228,-237,-354,-355,-339,-322,-737,-692,-29989,-29990,-29990,-29991,-29991,-782,-774,-764]} 1. d4 Nf6 2. Bf4 d6 3. Nc3 c6 4. e4 Qc7 5. Nf3 Nbd7 6. Qd2 {B07: Pirc Defence: Miscellaneous Systems.} e5 7. Bg3 Be7 {[#]} 8. O-O-O $146 (8. h3 $11) ({Predecessor:} 8. Be2 Nh5 9. a4 O-O 10. O-O Nxg3 {½-½ (10) Reis Junior,E (2039)-Moreira,R (2043) Sao Paulo 2017}) 8... b5 9. Bd3 Nh5 10. Kb1 Nxg3 11. hxg3 Nb6 12. dxe5 ({White should play} 12. Rde1 $11) 12... dxe5 $15 13. Nh4 g6 14. f4 Bg4 15. Nf3 O-O-O 16. fxe5 h5 17. Qf4 Be6 18. a3 b4 19. axb4 Bxb4 20. Na2 Be7 {[#]} 21. Nd4 $1 Bg4 ({Of course not} 21... Bxa2+ 22. Kxa2 Kb7 23. Be2 $16) (21... Nd7 $14) (21... Na4 22. Nxe6) 22. Be2 Bxe2 23. Nxe2 Bc5 24. Nac1 (24. Qf3 $16) 24... Nc4 $11 25. Nb3 (25. e6 $5) 25... Be3 26. Qf6 Nxe5 27. Ned4 Rhe8 28. Rhe1 Bxd4 (28... Ng4 {is interesting.} 29. Qf3 Bf2 30. Rh1 Rd6 31. c3 Rf6) 29. Nxd4 Rd6 30. Qf1 Red8 31. c3 {Now White is beyond hope.} ({White should try} 31. Nf3 $15) 31... Qb6 $19 32. Kc2 c5 33. Nf3 (33. Nb3 {keeps fighting.}) 33... Nd3 $1 34. Rxd3 Rxd3 35. Re2 $2 (35. Nd4 Rxg3 36. Nf3) 35... Qb5 {( -> ...Qa4+)} 36. Qa1 {[#]} Rxc3+ $3 {[%mdl 512]} 37. bxc3 Qxe2+ {[%mdl 64] Double Attack} 38. Kb3 Qd1+ (38... Rd7 $142 39. Nd2 Rxd2 40. Qa4 Qd1+ 41. Ka3 Qc1+ {[%mdl 64] Double Attack} 42. Kb3 Qc2+ 43. Kc4 Qxa4+ 44. Kxc5 Qxe4 45. c4 Qb7 46. g4 Qb6#) 39. Qxd1 Rxd1 {Weighted Error Value: White=0.57/Black=0.32} 0-1

[Event "Match UKR vs KGZ 2021"]
[Site "Online"]
[Date "2021.02.14"]
[Round "2.2"]
[White "Malynovskyi, Rostyslav"]
[Black "Sezdbekov, Ruslan"]
[Result "0-1"]
[WhiteElo "2174"]
[BlackElo "2229"]
[Annotator "TA"]
[PlyCount "156"]
[EventDate "2021.02.14"]
[EventType "team-tourn"]
[EventCountry "NET"]
[SourceTitle "playchess.com"]
[Source "ChessBase"]
[SourceQuality "1"]
[WhiteTeam "Ukraine"]
[BlackTeam "Kyrgyzstan"]
[WhiteTeamCountry "UKR"]
[BlackTeamCountry "KGZ"]

{[%evp 28,156,0,0,42,0,0,2,25,22,27,15,30,25,37,23,45,0,12,0,19,18,39,-18,40,0,0,0,0,0,0,0,0,0,0,0,0,0,7,0,0,0,24,24,39,20,126,126,860,16,16,16,16,28,28,0,28,0,0,0,0,0,0,0,0,0,0,0,0,0,2,0,0,0,0,0,0,0,0,0,0,0,0,-8,-8,-8,-8,-8,-8,-8,-8,-8,-8,-8,-8,-8,-8,-8,-8,-8,-8,-61,-61,-29970,-29972,-29970,-29973,-29973,-29971,-29979,-29968,-29967,0,-29979,-29980,-29980,-29980,-29980,-29981,-29982,-29983,-29983,-29984,-29984,-29985,-29987,-29988,-29991,-29992,-29992,-29993]} 1. d4 Nf6 2. Nf3 e6 3. c4 d5 4. Nc3 Be7 5. cxd5 exd5 6. Bg5 O-O 7. e3 Nbd7 8. Bd3 c6 9. Qc2 Re8 10. O-O Nf8 11. Rab1 Ne4 12. Bxe7 Qxe7 13. Bxe4 dxe4 14. Nd2 f5 15. b4 a6 {D36: Queen's Gambit Declined: Exchange Variation: Main line (5 Bg5 c6 6 Qc2).} 16. a4 Be6 17. Rfc1 Ng6 {The position is equal.} 18. Ne2 Qg5 {[#]} 19. b5 $146 ({Predecessor:} 19. Qc5 Qg4 20. Ng3 Bd5 21. h3 Qg5 22. Re1 Nh4 23. Qc2 Re6 24. Nc4 h5 25. b5 axb5 {1-0 (37) Raijmaekers,K (1973)-Berry,J (2129) IECC email 1998}) 19... axb5 20. axb5 Bd5 21. bxc6 bxc6 22. Nf1 h5 23. Rb2 h4 24. h3 Ra3 25. Qd2 (25. Nh2 $14) 25... Rd3 (25... f4 $11 26. Nxf4 (26. exf4 Qxg2+ 27. Kxg2 e3+ {[%mdl 64] Discovered Attack} 28. Kh2 exd2 $17) 26... Nxf4 27. exf4 Qxg2+ $1 28. Kxg2 e3+ 29. Kh2 exd2 30. Rxd2 Rf3) 26. Qc2 f4 27. exf4 Nxf4 28. Nxf4 Qxf4 29. Ne3 Rxe3 30. fxe3 ({Don't blunder} 30. Qd2 $2 Rf3 $3 $19 {[%mdl 512]}) 30... Qxe3+ {[%mdl 64] Double Attack} 31. Kh1 Qxd4 32. Qc3 Qa7 33. Rcb1 {Threatens to win with Rb7.} (33. Rf1 {feels hotter.} Qa6 34. Rfb1 Qd3 35. Qe1 e3 36. Qxh4 e2 37. Re1) 33... Qe7 34. Qe3 Qe5 35. Rf2 Re6 36. Rf4 Rg6 (36... g5 $1 $11 37. Rg4 Rg6) 37. Rxh4 $16 Rg3 $2 {[%mdl 8192]} (37... Qg3 $16 38. Qxg3 Rxg3) 38. Qf4 $2 (38. Qa7 $18 {Intending Rb8+ and mate.} Rb3 39. Rxb3 Bxb3 40. Qa8+ {[%mdl 64] Double Attack} Kf7 41. Qb7+ {[%mdl 64] Double Attack} Kf6 42. Qxb3 Qa1+ 43. Kh2 Qe5+ 44. g3) 38... Qxf4 $11 39. Rxf4 {[%mdl 4096] Endgame KRR-KRB} e3 40. Rb8+ Kh7 41. Rh4+ Kg6 42. Rg4+ (42. Rb2 {keeps more tension.} Kg5 43. Rh8 Kf4 44. Kh2 Rg6 45. Rh4+) 42... Rxg4 43. hxg4 {KR-KB} Kg5 44. Kg1 Kxg4 45. Kf1 Bc4+ 46. Ke1 {And now Rb4 would win.} Kg3 47. Re8 e2 48. Re5 Kf4 49. Rc5 (49. Re7 {looks sharper.} g6 50. Kf2 Bd3 51. Re3 Bb5 52. Re6) 49... Bd5 50. Kxe2 Bxg2 51. Rc1 g5 52. Kf2 Bd5 53. Ra1 $1 g4 54. Ra4+ Be4 55. Ra5 g3+ 56. Kg1 g2 57. Kf2 Bd5 58. Kg1 Ke3 59. Ra3+ Kd4 60. Ra4+ Kc3 61. Ra3+ Kb4 (61... Kd2 {is more complex.} 62. Rg3 Be4 63. Rg7 Ke3 64. Rc7 Kd4) 62. Ra8 (62. Rg3 {seems wilder.} Kc5 63. Rd3 Kd6 64. Kf2 c5 65. Rd1) 62... c5 {[%cal Bc6c5,Bc5c4,Bc4c3][%mdl 32]} 63. Rd8 Kc4 {Strongly threatening ...Kd4.} 64. Kf2 ({White should play} 64. Rh8 $11) 64... Kd4 $1 $15 {...c4 is the strong threat.} 65. Kg1 $2 {[%mdl 8192]} (65. Rc8 $15 c4 66. Rc7) 65... c4 66. Kf2 c3 67. Rc8 Be4 68. Rd8+ Kc4 69. Rc8+ Kd4 70. Rd8+ {[#]} Kc5 $1 {Black mates.} 71. Re8 Bc6 72. Re1 Kc4 73. Ke3 Kb3 74. Rb1+ Kc2 75. Rg1 Kb2 76. Ke2 Bb5+ 77. Kd1 c2+ 78. Kd2 Bf1 {[%csl Gb2][%cal Rc2c1] Never resign too early!  Weighted Error Value: White=0.26/Black=0.14} 0-1

[Event "Match UKR vs KGZ 2021"]
[Site "Online"]
[Date "2021.02.14"]
[Round "2.3"]
[White "Onufrienko, Vladislav"]
[Black "Prydun, Andriy"]
[Result "0-1"]
[WhiteElo "1739"]
[BlackElo "2254"]
[Annotator "TA"]
[PlyCount "134"]
[EventDate "2021.02.14"]
[EventType "team-tourn"]
[EventCountry "NET"]
[SourceTitle "playchess.com"]
[Source "ChessBase"]
[SourceQuality "1"]
[WhiteTeam "Kyrgyzstan"]
[BlackTeam "Ukraine"]
[WhiteTeamCountry "KGZ"]
[BlackTeamCountry "UKR"]

{[%evp 12,134,45,25,43,-35,-35,-24,-27,-59,0,0,0,0,0,-274,-274,-277,-268,-280,-260,-264,-119,-119,-109,-117,-52,-58,-47,-275,-150,-152,-125,-152,-156,-150,-162,-157,-119,-123,-123,-105,-97,-120,0,-132,-111,-111,-122,-110,-86,-91,-82,-93,-101,-101,-87,-97,-85,-208,-31,-51,-24,-76,-23,-23,-25,-33,-41,-280,-279,-534,-534,-534,-534,-521,-520,-517,-510,-900,-862,-1833,-1775,-1626,-1543,-29972,-29975,-29975,-29976,-29976,-29977,-29976,-29977,-29984,-29985,-29985,-29982,-29985,-29986,-29988,-29980,-29989,-29987,-29988,-29988,-29992,-29989,-29990,-29991,-29991,-29984,-29984,-29985,-29993,0,-29983,-29984,-29988,-29987,-29990,-29985,-29995,-29996,-29996,-29997]} 1. d4 Nf6 2. Nc3 d6 3. e4 Nbd7 4. f4 e5 5. Nf3 exd4 6. Qxd4 c6 7. Be3 Qb6 {B07: Pirc Defence: Miscellaneous Systems.} 8. Qd2 (8. O-O-O $14) 8... Qxb2 $15 9. Rb1 Qa3 {Black has an edge.} 10. Bc4 {[#] aiming for Rb3.} d5 $146 (10... Nb6 $1 $15 11. Bb3 Be7) ({Predecessor:} 10... Be7 11. e5 dxe5 12. fxe5 Ng4 13. e6 Nde5 14. Nxe5 Nxe5 15. exf7+ Nxf7 16. Bxf7+ Kxf7 {1-0 (23) Meza Galvan,L (1600)-Diaz Diaz,J Bogota 2017}) 11. exd5 $11 Bb4 12. Rb3 Ne4 $36 {[%mdl 2048] White is under pressure.} 13. dxc6 $2 {[%mdl 8192]} (13. Qd4 $11 {and White stays safe.} Bxc3+ 14. Qxc3 $1 Nxc3 15. Rxa3 Nxd5 16. Bxd5 cxd5 17. Rxa7 Rxa7 18. Bxa7) 13... Nxd2 $19 14. cxd7+ Bxd7 15. Bxf7+ Kxf7 16. Ne5+ Ke8 (16... Ke6 $19 17. Rxa3 Ne4) 17. Rxa3 $17 Ne4 18. Bd4 {Threatening Rb3.} Rc8 (18... Bxa3 $17 19. Nxe4 Bf5) 19. Rxa7 $15 Nxc3 20. O-O $2 (20. Rxb7 $15 Nb5+ {[%mdl 64] Discovered Attack} 21. c3 Nxd4 22. cxb4) 20... Ne2+ ({Black should try} 20... Bb5 $1 $19 21. Rxb7 Bxf1 22. Kxf1 Be7) 21. Kh1 $17 Nxd4 22. Nxd7 Kxd7 23. Rxb7+ Ke6 24. Rxb4 Nxc2 25. Rb7 Kf6 26. Rb6+ Kf5 27. Rb5+ {[#]} Ke6 (27... Kg6 $1 $17 {And now ...Rc4 would win.} 28. a4 Rc4) 28. Rb6+ (28. Rb7 $1 $11) 28... Kd5 29. Rb7 g6 30. h3 Ne3 31. Re1 Rc3 32. Re7 Kd4 33. Kh2 Rb8 34. Re2 Rb1 {Strongly threatening ...Nf1+.} 35. g3 (35. g4 $17 {might work better.}) 35... Nf1+ $2 (35... Rd3 $19 36. Re8 Ra1) 36. Kg2 $15 Rxg3+ 37. Kf2 {[#]} Rxh3 (37... Ra3 $1 $17 38. Rd7+ Kc5 39. Rc2+ Kb6 40. Rd6+ Kb5 41. Rd5+ Kb4 42. Rd4+ Kb5 43. Rd5+ Kb6 44. Rd6+ Kb7 45. Rd7+ Ka6 46. Rd6+ Rb6 47. Rxb6+ Kxb6 48. Kxf1 Rf3+ 49. Rf2 Rxh3) 38. Rd7+ $11 Kc5 39. Rc2+ Kb6 40. Rd6+ $2 {White is on the road to losing.} (40. Rcc7 $15) 40... Kb5 $19 {...Rh2+ is the strong threat.} 41. Rc8 $2 (41. Rd5+ Kb4 42. Rd4+ Ka3 43. Rc7 Rh2+ 44. Kg1) 41... Rb2+ 42. Kg1 Ne3 {[%csl Ge3][%cal Rb2g2]} 43. Rb8+ Kc5 {[%csl Ge3][%cal Rb2g2][%mdl 64] Discovered Attack} 44. Rxb2 {Threatens to win with Rd3.} Kxd6 {[%mdl 4096] Endgame KRN-KR} 45. Rb7 (45. Rb3 $142) 45... Nd5 46. a4 Nxf4 47. a5 Ra3 48. Rxh7 Rxa5 49. Kf2 Ra3 50. Rf7 Ke5 51. Rf8 g5 52. Rf7 g4 53. Rg7 Kf5 54. Rg8 Rf3+ 55. Kg1 Rg3+ 56. Kh2 Rg2+ 57. Kh1 Ra2 58. Rg7 Nh5 59. Rg8 Kf4 60. Rb8 Ng3+ 61. Kg1 Ne2+ 62. Kh1 Ng3+ 63. Kg1 Ne4 {Black mates.} 64. Rb7 Rc2 65. Rb8 Kg3 {[%cal Rc2c1]} 66. Rb3+ Nc3 {[%cal Rc2c1]} 67. Rb1 Nxb1 {[%cal Rc2c1] Weighted Error Value: White=0.83/Black=0.27} 0-1